Assessing impact : handbook of EIA and SEA follow-up /

Bibliographic Details
Corporate Author: NetLibrary, Inc
Other Authors: Morrison-Saunders, Angus, 1966-, Arts, Jos, 1967-
Format: eBook
Language:English
Published: London ; Sterling, VA : Earthscan, 2004.
Subjects:
Online Access:Connect to the full text of this electronic book

MARC

Tag First Indicator Second Indicator Subfields
LEADER 00000cam a22000004a 4500
001 in00002105521
005 20190326103708.0
006 m d
007 cr cnu---unuuu
008 050318s2004 enkab sb 001 0 eng d
020 |a 1417582960 (electronic bk.) 
035 |a (OCoLC)ocm58531128 
040 |a N$T  |c N$T  |d UtOrBLW 
049 |a IICN 
050 1 4 |a GE160.E85  |b A78 2004eb 
082 0 4 |a 333.71/4  |2 22 
245 0 0 |a Assessing impact :  |b handbook of EIA and SEA follow-up /  |c edited by Angus Morrison-Saunders and Jos Arts. 
264 1 |a London ;  |a Sterling, VA :  |b Earthscan,  |c 2004. 
300 |a xxii, 338 pages :  |b illustrations, maps ;  |c 24 cm. 
336 |a text  |b txt  |2 rdacontent 
337 |a computer  |b c  |2 rdamedia 
338 |a online resource  |b cr  |2 rdacarrier 
504 |a Includes bibliographical references and index. 
533 |a Electronic reproduction.  |b Boulder, Colo. :  |c NetLibrary,  |d 2005.  |n Available via World Wide Web.  |n Access may be limited to NetLibrary affiliated libraries. 
500 |a Electronic resource. 
650 0 |a Environmental risk assessment  |z Europe. 
650 0 |a Environmental risk assessment  |z North America. 
650 0 |a Environmental risk assessment  |z Australasia. 
655 7 |a Electronic books.  |2 local 
700 1 |a Morrison-Saunders, Angus,  |d 1966- 
700 1 |a Arts, Jos,  |d 1967- 
710 2 |a NetLibrary, Inc. 
776 1 |c Original  |z 1844071391  |w (DLC) 2004016775  |w (OCoLC)56096387 
856 4 0 |u http://proxy.library.tamu.edu/login?url=http://www.netLibrary.com/urlapi.asp?action=summary&v=1&bookid=126143  |z Connect to the full text of this electronic book  |t 0 
994 |a 92  |b IIC 
999 |a MARS 
999 f f |s 810becc0-1952-3fb8-a6cc-34432b2b7489  |i 3df00d58-3a6e-3702-9fb8-c723fcdcc2b8  |t 0 
952 f f |a Texas A&M University  |b College Station  |c Electronic Resources  |d Available Online  |t 0  |e GE160.E85 A78 2004eb  |h Library of Congress classification 
998 f f |a GE160.E85 A78 2004eb  |t 0  |l Available Online